000 00662nam a2200265Ia 4500
005 20260306163614.0
008 008 260114s9999 xx 000 0 eng d
020 _a9780813178264
037 _aEBOOK
040 _aCRL
040 _beng
040 _cCRL
041 _2eng
041 _aeng
084 _qCRL
100 _aWinford
_91128982
245 0 _aJohn Hervey Wheeler, Black Banking, And The Economic Struggle For Civil Rights
260 _bUniversity Press of Kentucky
260 _c2020
650 _aSocial Work
856 _uhttps://academic.oup.com/book/33987
942 _cEBOOK
999 _c1710769
_d1710769